000
00350nam a2200157Ia 4500
003
0STCL
008
150530s9999 xx 000 0 und d
040
_a
STCL
_c
STCL
100
_a
Killam Douglas; Row Ruth
245
_a
African Literatures
260
_c
2000
546
_a
English
942
_2
ddc
_c
BK
999
_c
53067
_d
53067
005
20220125170909.0